[Event "7th Paul Keres mem"]
[Site "Tallinn URS"]
[Date "1981.03.11"]
[Round "5"]
[White "Veingold, Aleksander"]
[Black "Uusi, Gunnar"]
[Result "1/2-1/2"]
[WhiteElo "2445"]
[BlackElo "2370"]
[EventDate "1981.03.06"]
[PlyCount "29"]

1. e4 e5 2. Nf3 Nc6 3. Bb5 a6 4. Bxc6 dxc6 5. Nc3 f6 6. d4 exd4 7. Qxd4 Qxd4 8. Nxd4 Bd7 9. Be3 O-O-O 10. O-O-O Bd6 11. Nf5 Bxf5 12. exf5 Ne7 13. g4 Be5 14. Rxd8+ Rxd8 15. Ne2 1/2-1/2

[Event "7th Paul Keres mem"]
[Site "Tallinn URS"]
[Date "1981.03.13"]
[Round "6"]
[White "Bronstein, David"]
[Black "Gufeld, Eduard"]
[Result "1-0"]
[WhiteElo "2490"]
[BlackElo "2515"]
[EventDate "1981.03.06"]
[PlyCount "75"]

1. Nf3 g6 2. d4 Nf6 3. Bg5 Bg7 4. Nbd2 d6 5. e4 h6 6. Bh4 g5 7. Bg3 Nh5 8. c3 e6 9. Nb3 Nd7 10. Nfd2 Nxg3 11. hxg3 a5 12. a4 O-O 13. Bd3 f5 14. Qe2 Nf6 15. f4 gxf4 16. gxf4 Bd7 17. e5 Nd5 18. g3 Qe8 19. Kf2 dxe5 20. dxe5 Bxa4 21. Rxa4 Qxa4 22. Bb5 Qa2 23. Bd7 Ra6 24. Rb1 Ne7 25. Qc4 a4 26. Nc5 Qxc4 27. Nxc4 Ra7 28. Rd1 Rfa8 29. Bxe6+ Kf8 30. g4 b5 31. Ne3 fxg4 32. f5 g3+ 33. Kg2 Nc6 34. Nd7+ Ke8 35. f6 Bf8 36. Nf5 Nd8 37. f7+ Nxf7 38. Nf6# 1-0

[Event "7th Paul Keres mem"]
[Site "Tallinn URS"]
[Date "1981.03.13"]
[Round "6"]
[White "Ftacnik, Lubomir"]
[Black "Bagirov, Vladimir"]
[Result "1/2-1/2"]
[WhiteElo "2520"]
[BlackElo "2505"]
[EventDate "1981.03.06"]
[PlyCount "86"]

1. d4 d5 2. c4 dxc4 3. Nf3 a6 4. a4 Nf6 5. e3 Bg4 6. Bxc4 e6 7. h3 Bh5 8. O-O c5 9. dxc5 Nc6 10. Qxd8+ Rxd8 11. g4 Bg6 12. Nd4 Ne5 13. Be2 Bxc5 14. Nb3 Ba7 15. Bd2 Be4 16. Ba5 b6 17. Bc3 Nf3+ 18. Bxf3 Bxf3 19. N1d2 Bd5 20. Bd4 Ra8 21. f3 O-O 22. e4 Bxb3 23. Nxb3 Nd7 24. Rfc1 Rfc8 25. a5 Rxc1+ 26. Rxc1 bxa5 27. Bxa7 Rxa7 28. Rc8+ Nf8 29. Nxa5 g5 30. b4 Kg7 31. Nc6 Rd7 32. Ra8 Ng6 33. Rxa6 Rd1+ 34. Kf2 Nf4 35. Ra7 Rd2+ 36. Ke3 Rd3+ 37. Kf2 Rd2+ 38. Ke1 Rb2 39. Rd7 Ng2+ 40. Kf1 Ne3+ 41. Kg1 Rg2+ 42. Kh1 Rf2 43. b5 Rf1+ 1/2-1/2

[Event "7th Paul Keres mem"]
[Site "Tallinn URS"]
[Date "1981.03.13"]
[Round "6"]
[White "Gipslis, Aivars"]
[Black "Duric, Stefan"]
[Result "1-0"]
[WhiteElo "2470"]
[BlackElo "2435"]
[EventDate "1981.03.06"]
[PlyCount "59"]

1. e4 e6 2. d4 d5 3. Nd2 dxe4 4. Nxe4 Bd7 5. Nf3 Bc6 6. Bd3 Nd7 7. c4 Bxe4 8. Bxe4 c6 9. O-O Ngf6 10. Bc2 Be7 11. Bf4 O-O 12. Qd3 Re8 13. Rad1 Nf8 14. a3 Ng6 15. Bg3 Bd6 16. Ne5 Qc7 17. Qe2 Rad8 18. h4 Nd7 19. h5 Ngf8 20. h6 Ng6 21. Bxg6 fxg6 22. hxg7 Kxg7 23. c5 Bxe5 24. dxe5 Nxc5 25. Rd6 b6 26. Rc1 Qb7 27. b4 Rxd6 28. exd6 Nd7 29. Qf3 Rc8 30. b5 1-0

[Event "7th Paul Keres mem"]
[Site "Tallinn URS"]
[Date "1981.03.13"]
[Round "6"]
[White "Hazai, Laszlo"]
[Black "Petursson, Margeir"]
[Result "0-1"]
[WhiteElo "2450"]
[BlackElo "2445"]
[EventDate "1981.03.06"]
[PlyCount "64"]

1. e4 c5 2. Nf3 d6 3. d4 cxd4 4. Nxd4 Nf6 5. Nc3 g6 6. Be3 Bg7 7. f3 Nc6 8. Qd2 O-O 9. O-O-O d5 10. exd5 Nxd5 11. Nxc6 bxc6 12. Bd4 e5 13. Bc5 Re8 14. Nxd5 cxd5 15. Bb5 Be6 16. Bxe8 Qxe8 17. Qa5 Qc6 18. Rd3 d4 19. Re1 h5 20. Ra3 Bf5 21. Re2 Rc8 22. b4 Qf6 23. Rb3 Qg5+ 24. Kb1 Bh6 25. Qa3 a5 26. Ka1 axb4 27. Qxb4 d3 28. cxd3 Qc1+ 29. Rb1 Qxc5 30. Qxc5 Rxc5 31. Rb3 Rd5 32. Rc2 Bg7 0-1

[Event "7th Paul Keres mem"]
[Site "Tallinn URS"]
[Date "1981.03.13"]
[Round "6"]
[White "Uusi, Gunnar"]
[Black "Nei, Iivo"]
[Result "0-1"]
[WhiteElo "2370"]
[BlackElo "2495"]
[EventDate "1981.03.06"]
[PlyCount "78"]

1. c4 Nf6 2. Nc3 e5 3. Nf3 Nc6 4. g3 d5 5. cxd5 Nxd5 6. Bg2 Nb6 7. O-O Be7 8. a3 a5 9. b3 O-O 10. Bb2 f5 11. d3 Bf6 12. Nd2 Nd4 13. Nc4 c6 14. e3 Ne6 15. Qc2 Nxc4 16. bxc4 Rb8 17. f4 exf4 18. gxf4 b5 19. cxb5 cxb5 20. Nd5 Bxb2 21. Qxb2 Qd7 22. Qe5 Bb7 23. Rab1 Ba8 24. e4 Rbe8 25. Nb6 Qd4+ 26. Qxd4 Nxd4 27. e5 Bxg2 28. Kxg2 Re6 29. Nd5 Rd8 30. Nc3 b4 31. axb4 axb4 32. Nd1 b3 33. Rf2 Rc6 34. Ne3 Rc3 35. Rd2 Ne6 36. Kf3 Rdxd3 37. Rxd3 Rxd3 38. h4 Nd4+ 39. Kf2 Rd2+ 0-1

[Event "7th Paul Keres mem"]
[Site "Tallinn URS"]
[Date "1981.03.13"]
[Round "6"]
[White "Vogt, Lothar"]
[Black "Karner, Hillar"]
[Result "0-1"]
[WhiteElo "2455"]
[BlackElo "2410"]
[EventDate "1981.03.06"]
[PlyCount "86"]

1. e4 e6 2. d4 d5 3. Nd2 b6 4. Ngf3 Nf6 5. e5 Ne4 6. Bd3 Bb7 7. Qe2 Nxd2 8. Bxd2 a5 9. O-O Be7 10. c3 Ba6 11. b4 Bxd3 12. Qxd3 axb4 13. cxb4 Qd7 14. Rfc1 b5 15. a3 c6 16. Bg5 Bxg5 17. Nxg5 h6 18. Nf3 Qb7 19. Nd2 Nd7 20. Nb3 Nb6 21. Na5 Qd7 22. Rxc6 Nc4 23. Rc5 O-O 24. Qc3 Rfb8 25. h3 Nxa5 26. bxa5 Qa7 27. Rc1 Qxa5 28. Qxa5 Rxa5 29. Rc8+ Rxc8 30. Rxc8+ Kh7 31. Rc3 Ra4 32. Rd3 h5 33. Kf1 Kg6 34. Ke2 f6 35. exf6 gxf6 36. Kf3 Rc4 37. Re3 Kf7 38. Rd3 h4 39. Kg4 e5 40. Kxh4 Rxd4+ 41. Rxd4 exd4 42. Kg4 d3 43. Kf3 d4 0-1

[Event "7th Paul Keres mem"]
[Site "Tallinn URS"]
[Date "1981.03.14"]
[Round "7"]
[White "Bagirov, Vladimir"]
[Black "Barczay, Laszlo"]
[Result "1/2-1/2"]
[WhiteElo "2505"]
[BlackElo "2415"]
[EventDate "1981.03.06"]
[PlyCount "92"]

1. d4 Nf6 2. c4 e6 3. Nf3 c5 4. g3 cxd4 5. Nxd4 Nc6 6. Nc3 Qb6 7. Nb3 Bb4 8. Bg2 d5 9. cxd5 Nxd5 10. O-O Bxc3 11. bxc3 O-O 12. c4 Nde7 13. c5 Qb4 14. Bd2 Qg4 15. e3 Qg6 16. Na5 Rd8 17. Qc1 e5 18. Rb1 Rb8 19. Bc3 h5 20. Rd1 Rxd1+ 21. Qxd1 Bf5 22. Rb2 Rd8 23. Rd2 Rxd2 24. Qxd2 Be6 25. e4 Nxa5 26. Bxa5 Nc6 27. Bc3 h4 28. gxh4 Qg4 29. a3 Qxh4 30. f3 Bh3 31. Bh1 Qe7 32. Qe3 Qe6 33. Kf2 Qc4 34. Kg3 Be6 35. f4 Nd4 36. Bf3 Qxc5 37. Bb4 Qc7 38. fxe5 Qxe5+ 39. Qf4 Nc6 40. Qxe5 Nxe5 41. Be2 f6 42. Bd6 a6 43. a4 Kf7 44. a5 Bd7 45. Bd1 g5 46. Bb3+ Be6 1/2-1/2

[Event "7th Paul Keres mem"]
[Site "Tallinn URS"]
[Date "1981.03.14"]
[Round "7"]
[White "Duric, Stefan"]
[Black "Ftacnik, Lubomir"]
[Result "1/2-1/2"]
[WhiteElo "2435"]
[BlackElo "2520"]
[EventDate "1981.03.06"]
[PlyCount "27"]

1. Nf3 c5 2. c4 Nf6 3. g3 b6 4. Bg2 Bb7 5. O-O e6 6. Nc3 Be7 7. b3 O-O 8. Bb2 a6 9. d4 cxd4 10. Qxd4 d6 11. e4 Nbd7 12. Qe3 Qc7 13. Nd4 Rfe8 14. Rac1 1/2-1/2

[Event "7th Paul Keres mem"]
[Site "Tallinn URS"]
[Date "1981.03.14"]
[Round "7"]
[White "Gufeld, Eduard"]
[Black "Hazai, Laszlo"]
[Result "1-0"]
[WhiteElo "2515"]
[BlackElo "2450"]
[EventDate "1981.03.06"]
[PlyCount "41"]

1. Nf3 Nf6 2. g3 g6 3. b3 Bg7 4. Bb2 O-O 5. Bg2 d6 6. d4 c6 7. O-O Qa5 8. Re1 Qh5 9. e4 Bg4 10. Nbd2 Bh6 11. Nc4 Nbd7 12. e5 Nd5 13. exd6 exd6 14. Nxd6 f5 15. Qd3 Rf6 16. Nxb7 f4 17. Ne5 Ne3 18. fxe3 Nxe5 19. dxe5 fxg3 20. hxg3 Rf3 21. Qc4+ 1-0

[Event "7th Paul Keres mem"]
[Site "Tallinn URS"]
[Date "1981.03.14"]
[Round "7"]
[White "Karner, Hillar"]
[Black "Gipslis, Aivars"]
[Result "1/2-1/2"]
[WhiteElo "2410"]
[BlackElo "2470"]
[EventDate "1981.03.06"]
[PlyCount "42"]

1. Nf3 c5 2. g3 Nc6 3. Bg2 g6 4. c3 Bg7 5. d4 cxd4 6. cxd4 d5 7. Nc3 Nf6 8. Ne5 e6 9. Bf4 Bd7 10. O-O O-O 11. Qd2 Nxe5 12. Bxe5 Bc6 13. Rfd1 a5 14. Rab1 Qe7 15. a3 Rfc8 16. f3 b5 17. Na2 Bf8 18. Nc1 Nd7 19. Bf4 b4 20. axb4 Qxb4 21. Qxb4 a4 1/2-1/2

[Event "7th Paul Keres mem"]
[Site "Tallinn URS"]
[Date "1981.03.14"]
[Round "7"]
[White "Petursson, Margeir"]
[Black "Vogt, Lothar"]
[Result "0-1"]
[WhiteElo "2445"]
[BlackElo "2455"]
[EventDate "1981.03.06"]
[PlyCount "62"]

1. d4 Nf6 2. c4 g6 3. Nc3 Bg7 4. e4 d6 5. f3 O-O 6. Bg5 c5 7. d5 a6 8. a4 e6 9. Qd2 exd5 10. cxd5 Nbd7 11. Nh3 Qa5 12. Ra3 c4 13. Nf2 Qc7 14. Be2 Rb8 15. a5 b5 16. axb6 Nxb6 17. O-O Re8 18. Kh1 Nfd7 19. Ng4 h5 20. Nf2 Nc5 21. f4 Nb3 22. Qe3 f5 23. Rd1 fxe4 24. Ncxe4 Bf5 25. Bf3 Bxb2 26. Rxb3 cxb3 27. Qxb3 Nd7 28. Qa4 Nc5 29. Qc4 Qa5 30. Qe2 Qb4 31. Re1 Bc3 0-1

[Event "7th Paul Keres mem"]
[Site "Tallinn URS"]
[Date "1981.03.14"]
[Round "7"]
[White "Vooremaa, Andres"]
[Black "Uusi, Gunnar"]
[Result "0-1"]
[WhiteElo "2415"]
[BlackElo "2370"]
[EventDate "1981.03.06"]
[PlyCount "81"]

1. d4 Nf6 2. c4 g6 3. g3 Bg7 4. Bg2 O-O 5. Nc3 d6 6. Nf3 Nbd7 7. O-O e5 8. Qc2 exd4 9. Nxd4 Nb6 10. Qd3 Nfd7 11. b3 Nc5 12. Qd2 a5 13. Rd1 a4 14. Rb1 axb3 15. axb3 c6 16. Qc2 Qe7 17. e4 Re8 18. Be3 f5 19. f3 fxe4 20. fxe4 Nbd7 21. b4 Ne6 22. Nf3 Ne5 23. Nxe5 Bxe5 24. Na4 h5 25. Nb6 Ra3 26. Rb3 Rxb3 27. Qxb3 h4 28. Bf2 hxg3 29. hxg3 Ng5 30. Nxc8 Rxc8 31. c5+ Kh7 32. Qd3 Rd8 33. b5 Ne6 34. Qc4 Nxc5 35. bxc6 bxc6 36. Bf1 Rf8 37. Kg2 Qf6 38. Qe2 Nxe4 39. Be1 d5 40. Rb1 Rf7 41. Rb3 0-1

[Event "7th Paul Keres mem"]
[Site "Tallinn URS"]
[Date "1981.03.15"]
[Round "8"]
[White "Barczay, Laszlo"]
[Black "Uusi, Gunnar"]
[Result "1/2-1/2"]
[WhiteElo "2415"]
[BlackElo "2370"]
[EventDate "1981.03.06"]
[PlyCount "25"]

1. e4 e5 2. Nf3 Nc6 3. Bc4 d6 4. c3 Be7 5. O-O Nf6 6. d3 O-O 7. Bb3 Bg4 8. h3 Bh5 9. Re1 Nd7 10. a3 a5 11. Be3 Nc5 12. Bxc5 dxc5 13. Qe2 1/2-1/2

[Event "7th Paul Keres mem"]
[Site "Tallinn URS"]
[Date "1981.03.15"]
[Round "8"]
[White "Gipslis, Aivars"]
[Black "Petursson, Margeir"]
[Result "1/2-1/2"]
[WhiteElo "2470"]
[BlackElo "2445"]
[EventDate "1981.03.06"]
[PlyCount "23"]

1. e4 c5 2. Nf3 d6 3. d4 cxd4 4. Nxd4 Nf6 5. Nc3 g6 6. Be2 Bg7 7. O-O O-O 8. Bg5 Nc6 9. Nb3 a6 10. f4 b5 11. Bf3 b4 12. Na4 1/2-1/2

[Event "7th Paul Keres mem"]
[Site "Tallinn URS"]
[Date "1981.03.15"]
[Round "8"]
[White "Tal, Mikhail"]
[Black "Vooremaa, Andres"]
[Result "1-0"]
[WhiteElo "2555"]
[BlackElo "2415"]
[EventDate "1981.03.06"]
[PlyCount "57"]

1. e4 e6 2. d4 d5 3. Nc3 Nf6 4. Bg5 Bb4 5. e5 h6 6. Bd2 Bxc3 7. bxc3 Ne4 8. Qg4 g6 9. Bc1 c5 10. Bd3 Nxc3 11. dxc5 Qa5 12. Bd2 Qa4 13. h3 Ne4 14. Ne2 Nxc5 15. Qf3 Qh4 16. O-O Nc6 17. g3 Qe7 18. Qe3 Bd7 19. Rab1 Rc8 20. Bb5 Kf8 21. c4 dxc4 22. Rfc1 b6 23. Rxc4 Nb8 24. Nd4 a6 25. Bxd7 Nbxd7 26. a4 Kg7 27. a5 bxa5 28. Rbc1 g5 29. Bxa5 { b4} 1-0

[Event "7th Paul Keres mem"]
[Site "Tallinn URS"]
[Date "1981.03.15"]
[Round "8"]
[White "Vogt, Lothar"]
[Black "Gufeld, Eduard"]
[Result "1/2-1/2"]
[WhiteElo "2455"]
[BlackElo "2515"]
[EventDate "1981.03.06"]
[PlyCount "24"]

1. e4 c5 2. Nf3 d6 3. d4 cxd4 4. Nxd4 Nf6 5. Nc3 g6 6. Be2 Bg7 7. O-O O-O 8. Bg5 Nc6 9. Nb3 a6 10. f4 b5 11. Bf3 b4 12. Ne2 Bb7 1/2-1/2

[Event "7th Paul Keres mem"]
[Site "Tallinn URS"]
[Date "1981.03.18"]
[Round "9"]
[White "Duric, Stefan"]
[Black "Barczay, Laszlo"]
[Result "1-0"]
[WhiteElo "2435"]
[BlackElo "2415"]
[EventDate "1981.03.06"]
[PlyCount "71"]

1. c4 c5 2. Nf3 Nf6 3. Nc3 Nc6 4. g3 d6 5. d4 cxd4 6. Nxd4 e5 7. Nxc6 bxc6 8. Bg2 Bb7 9. O-O Be7 10. Qa4 Qc7 11. Nd5 Qd7 12. Nxe7 Kxe7 13. Bg5 h6 14. Bxf6+ gxf6 15. Rad1 Qc7 16. Rd3 a5 17. Rfd1 Rhd8 18. Qc2 Bc8 19. Rc3 Rb8 20. b3 f5 21. Qc1 Be6 22. Qxh6 Rh8 23. Qc1 Rbd8 24. Rcd3 e4 25. Rd4 c5 26. Qg5+ Kf8 27. R4d2 Rg8 28. Qh6+ Ke7 29. f3 Rh8 30. Qg5+ f6 31. Qf4 Rhg8 32. Bh3 Qd7 33. fxe4 Rg4 34. Bxg4 fxg4 35. Rf1 Rf8 36. e5 1-0

[Event "7th Paul Keres mem"]
[Site "Tallinn URS"]
[Date "1981.03.18"]
[Round "9"]
[White "Gufeld, Eduard"]
[Black "Gipslis, Aivars"]
[Result "1/2-1/2"]
[WhiteElo "2515"]
[BlackElo "2470"]
[EventDate "1981.03.06"]
[PlyCount "28"]

1. e4 d6 2. d4 Nf6 3. Nc3 g6 4. g3 Bg7 5. Bg2 O-O 6. Nge2 e5 7. O-O Nc6 8. dxe5 dxe5 9. Bg5 Nd4 10. Nxd4 Qxd4 11. Qxd4 exd4 12. Nb5 c6 13. e5 Ng4 14. Nxd4 Nxe5 1/2-1/2

[Event "7th Paul Keres mem"]
[Site "Tallinn URS"]
[Date "1981.03.18"]
[Round "9"]
[White "Karner, Hillar"]
[Black "Bagirov, Vladimir"]
[Result "0-1"]
[WhiteElo "2410"]
[BlackElo "2505"]
[EventDate "1981.03.06"]
[PlyCount "85"]

1. e4 c6 2. d3 d5 3. Nd2 e5 4. Ngf3 Bd6 5. d4 exd4 6. exd5 cxd5 7. Nxd4 Nc6 8. N2f3 Nge7 9. Be2 O-O 10. O-O Bg4 11. b3 Re8 12. Bb2 Qd7 13. Nxc6 bxc6 14. c4 Ng6 15. g3 Bh3 16. Re1 Bb4 17. Qd4 f6 18. Bc3 Nf4 19. Bd1 c5 20. Qd2 Bxc3 21. Qxc3 d4 22. Qa5 Nd3 23. Rxe8+ Rxe8 24. Qd2 Ne5 25. Nxe5 fxe5 26. Qg5 Qf5 27. Qxf5 Bxf5 28. Bf3 e4 29. Re1 Kf8 30. Bg2 a5 31. h4 h6 32. Kf1 Kf7 33. Ke2 a4 34. Kd2 Kf6 35. bxa4 Ra8 36. Bxe4 Bxe4 37. Rxe4 Rxa4 38. f4 Rxa2+ 39. Kd3 Ra3+ 40. Kd2 Rc3 41. Re5 Rxc4 42. g4 Rc3 43. h5 0-1

[Event "7th Paul Keres mem"]
[Site "Tallinn URS"]
[Date "1981.03.18"]
[Round "9"]
[White "Petursson, Margeir"]
[Black "Ftacnik, Lubomir"]
[Result "1/2-1/2"]
[WhiteElo "2445"]
[BlackElo "2520"]
[EventDate "1981.03.06"]
[PlyCount "56"]

1. d4 Nf6 2. c4 g6 3. Nc3 d5 4. Nf3 Bg7 5. cxd5 Nxd5 6. e4 Nxc3 7. bxc3 c5 8. Rb1 O-O 9. Be2 Qa5 10. Bd2 Qxa2 11. O-O cxd4 12. cxd4 b6 13. Qc1 Qe6 14. Bc4 Qd7 15. Ne5 Bxe5 16. dxe5 Ba6 17. Bh6 Bxc4 18. Bxf8 Qe6 19. Qh6 Qxe5 20. Rfc1 b5 21. Rxb5 Bxb5 22. Bg7 f6 23. Bh8 Kf7 24. Qxh7+ Ke6 25. Qg8+ Kd6 26. Qd8+ Ke6 27. Qg8+ Kd6 28. Qd8+ Ke6 1/2-1/2

[Event "7th Paul Keres mem"]
[Site "Tallinn URS"]
[Date "1981.03.18"]
[Round "9"]
[White "Uusi, Gunnar"]
[Black "Tal, Mikhail"]
[Result "0-1"]
[WhiteElo "2370"]
[BlackElo "2555"]
[EventDate "1981.03.06"]
[PlyCount "74"]

1. d4 Nf6 2. Nf3 e6 3. c4 c5 4. g3 cxd4 5. Nxd4 d5 6. Bg2 e5 7. Nc2 d4 8. O-O Nc6 9. e3 d3 10. Ne1 e4 11. Nc3 Bb4 12. Bd2 Bg4 13. f3 exf3 14. Nxf3 O-O 15. Qb3 Qe7 16. a3 Bxc3 17. Qxc3 Rfd8 18. Nd4 Ne5 19. b4 Be2 20. Nf5 Qe6 21. Bxb7 Bxf1 22. Rxf1 Rab8 23. Bg2 Nxc4 24. Bh3 Nxd2 25. Nh6+ gxh6 26. Bxe6 Nde4 27. Qe5 fxe6 28. Qxe6+ Kg7 29. Qe7+ Kg6 30. h4 Rd5 31. g4 Rg8 32. Kg2 d2 33. h5+ Kg5 34. Kh3 d1=Q 35. Rxd1 Nf2+ 36. Kg3 Nxd1 37. e4 Rd3+ 0-1

[Event "7th Paul Keres mem"]
[Site "Tallinn URS"]
[Date "1981.03.18"]
[Round "9"]
[White "Veingold, Aleksander"]
[Black "Vogt, Lothar"]
[Result "1-0"]
[WhiteElo "2445"]
[BlackElo "2455"]
[EventDate "1981.03.06"]
[PlyCount "71"]

1. c4 g6 2. Nc3 Bg7 3. g3 e5 4. Bg2 d6 5. d3 Nf6 6. f4 c6 7. Nf3 exf4 8. Bxf4 O-O 9. Qd2 d5 10. O-O dxc4 11. d4 Bf5 12. Nh4 Be6 13. Bg5 Nbd7 14. e4 Qb6 15. Kh1 h6 16. Bxh6 Bxh6 17. Qxh6 Qxb2 18. Rac1 Ng4 19. Qf4 Ngf6 20. h3 Nh7 21. Qh6 Ndf6 22. e5 Nh5 23. Qe3 Rad8 24. g4 Ng7 25. Rb1 Qa3 26. Rxb7 Qa6 27. Rfb1 Bd5 28. Bxd5 cxd5 29. a4 Qc6 30. Qh6 Rd7 31. Nf5 Nxf5 32. gxf5 Rxb7 33. Rxb7 Rd8 34. Rxf7 Kxf7 35. Qxh7+ Ke8 36. e6 1-0

[Event "7th Paul Keres mem"]
[Site "Tallinn URS"]
[Date "1981.03.19"]
[Round "10"]
[White "Bagirov, Vladimir"]
[Black "Petursson, Margeir"]
[Result "1/2-1/2"]
[WhiteElo "2505"]
[BlackElo "2445"]
[EventDate "1981.03.06"]
[PlyCount "39"]

1. d4 d5 2. c4 e6 3. Nf3 c5 4. cxd5 exd5 5. g3 Nc6 6. Bg2 Nf6 7. O-O Be7 8. Nc3 O-O 9. Bg5 cxd4 10. Nxd4 Re8 11. Qa4 Bd7 12. Rad1 h6 13. Bc1 Bc5 14. Nxc6 bxc6 15. Qc2 Bg4 16. Kh1 Qc8 17. Rfe1 Rb8 18. e4 d4 19. f3 dxc3 20. fxg4 1/2-1/2

[Event "7th Paul Keres mem"]
[Site "Tallinn URS"]
[Date "1981.03.19"]
[Round "10"]
[White "Barczay, Laszlo"]
[Black "Tal, Mikhail"]
[Result "1/2-1/2"]
[WhiteElo "2415"]
[BlackElo "2555"]
[EventDate "1981.03.06"]
[PlyCount "43"]

1. e4 c6 2. d4 d5 3. Nc3 dxe4 4. Nxe4 Bf5 5. Ng3 Bg6 6. h4 h6 7. Nf3 Nd7 8. h5 Bh7 9. Bd3 Bxd3 10. Qxd3 Ngf6 11. Bd2 e6 12. O-O-O Be7 13. Kb1 a5 14. Ne4 a4 15. Nxf6+ Nxf6 16. Ne5 Qb6 17. a3 Rd8 18. Bc1 c5 19. Qg3 Rg8 20. dxc5 Qxc5 21. Rxd8+ Bxd8 22. Rd1 1/2-1/2

[Event "7th Paul Keres mem"]
[Site "Tallinn URS"]
[Date "1981.03.19"]
[Round "10"]
[White "Duric, Stefan"]
[Black "Karner, Hillar"]
[Result "1-0"]
[WhiteElo "2435"]
[BlackElo "2410"]
[EventDate "1981.03.06"]
[PlyCount "83"]

1. e4 g6 2. d4 Bg7 3. Nf3 d6 4. Nc3 Nf6 5. Be2 O-O 6. O-O c6 7. Re1 Qc7 8. e5 dxe5 9. Nxe5 Nfd7 10. Nf3 Nb6 11. h3 N8d7 12. Bf1 e5 13. dxe5 Nxe5 14. Bf4 f6 15. Nxe5 fxe5 16. Bg3 Bf5 17. a4 a5 18. Qc1 Rfe8 19. Ne4 Qe7 20. c3 Nd5 21. Bd3 Rad8 22. Bc2 h6 23. Re2 Qc7 24. Qe1 Qb8 25. Rd1 Nf4 26. Red2 Kh8 27. Qe3 Rd5 28. c4 Rxd2 29. Rxd2 Rf8 30. Qb6 Qa8 31. Nd6 Bxc2 32. Rxc2 Qb8 33. c5 Nd5 34. Qxb7 Kg8 35. Re2 Nf4 36. Bxf4 exf4 37. Qxc6 Qb3 38. Rd2 Kh7 39. Ne8 Bxb2 40. Rd7+ Rf7 41. Rxf7+ Qxf7 42. Nd6 1-0

[Event "7th Paul Keres mem"]
[Site "Tallinn URS"]
[Date "1981.03.19"]
[Round "10"]
[White "Gipslis, Aivars"]
[Black "Veingold, Aleksander"]
[Result "1/2-1/2"]
[WhiteElo "2470"]
[BlackElo "2445"]
[EventDate "1981.03.06"]
[PlyCount "37"]

1. e4 e5 2. Nf3 Nc6 3. Bb5 a6 4. Ba4 Nf6 5. d4 exd4 6. O-O Be7 7. Re1 b5 8. Bb3 d6 9. Bd5 Bb7 10. Nxd4 Qd7 11. Nxc6 Bxc6 12. Nc3 O-O 13. Bxc6 Qxc6 14. Nd5 Nxd5 15. exd5 Qd7 16. Qd3 Bf6 17. c3 Rfe8 18. Bf4 Qg4 19. g3 1/2-1/2

[Event "7th Paul Keres mem"]
[Site "Tallinn URS"]
[Date "1981.03.19"]
[Round "10"]
[White "Hazai, Laszlo"]
[Black "Vooremaa, Andres"]
[Result "1/2-1/2"]
[WhiteElo "2450"]
[BlackElo "2415"]
[EventDate "1981.03.06"]
[PlyCount "39"]

1. e4 c5 2. Nf3 d6 3. d4 cxd4 4. Nxd4 Nf6 5. Nc3 e6 6. Be3 a6 7. g4 h6 8. Qf3 Be7 9. Rg1 Nc6 10. O-O-O Qc7 11. h4 h5 12. gxh5 Nxh5 13. Bg5 g6 14. Be2 Bd7 15. Bxe7 Nxe7 16. Rg5 e5 17. Nf5 Bxf5 18. exf5 Nf4 19. fxg6 fxg6 20. Rg4 1/2-1/2

[Event "7th Paul Keres mem"]
[Site "Tallinn URS"]
[Date "1981.03.19"]
[Round "10"]
[White "Vogt, Lothar"]
[Black "Nei, Iivo"]
[Result "0-1"]
[WhiteElo "2455"]
[BlackElo "2495"]
[EventDate "1981.03.06"]
[PlyCount "88"]

1. e4 e6 2. d4 d5 3. Nd2 b6 4. c3 dxe4 5. Nxe4 Bb7 6. Bb5+ Bc6 7. a4 a6 8. Bxc6+ Nxc6 9. Qf3 Qd5 10. Ne2 f5 11. Ng5 Qxf3 12. gxf3 e5 13. dxe5 Nxe5 14. O-O Bd6 15. Bf4 Ne7 16. Rad1 h6 17. Bxe5 Bxe5 18. f4 Bd6 19. Nf3 Ng6 20. Nfd4 O-O 21. Rfe1 Nh4 22. Kf1 Rf7 23. Rd3 Re8 24. Re3 Rfe7 25. Nc1 c5 26. Nc6 Rxe3 27. Rxe3 Kf7 28. Nd3 Rxe3 29. fxe3 Ke6 30. Ke2 g5 31. a5 b5 32. h3 Ng6 33. fxg5 Kd7 34. Na7 hxg5 35. b3 Kc7 36. c4 bxc4 37. bxc4 Kb7 38. Nb5 axb5 39. cxb5 c4 40. Nb2 Ne5 41. Na4 Bb4 42. a6+ Ka7 43. Kd1 Nd7 44. Nb2 Ne5 0-1

[Event "7th Paul Keres mem"]
[Site "Tallinn URS"]
[Date "1981.03.21"]
[Round "11"]
[White "Gufeld, Eduard"]
[Black "Bagirov, Vladimir"]
[Result "1-0"]
[WhiteElo "2515"]
[BlackElo "2505"]
[EventDate "1981.03.06"]
[PlyCount "65"]

1. e4 c6 2. d4 d5 3. Nd2 dxe4 4. Nxe4 Nd7 5. Bc4 Ngf6 6. Ng5 e6 7. Qe2 Nb6 8. Bd3 h6 9. N5f3 c5 10. dxc5 Bxc5 11. Ne5 Nbd7 12. Ngf3 Qc7 13. O-O Bd6 14. Nc4 Be7 15. Nd4 Nc5 16. Nb5 Qb8 17. Rd1 Bd7 18. a4 a6 19. Nd4 Qc7 20. Ne5 Nxd3 21. Rxd3 Rd8 22. Bf4 Qc5 23. Rad1 Nd5 24. Qh5 g6 25. Qf3 Rh7 26. Bg3 Bc8 27. c3 a5 28. Nb5 g5 29. c4 Nf4 30. Rxd8+ Bxd8 31. Bxf4 gxf4 32. Qd3 Qb6 33. Nd6+ 1-0

[Event "7th Paul Keres mem"]
[Site "Tallinn URS"]
[Date "1981.03.21"]
[Round "11"]
[White "Karner, Hillar"]
[Black "Barczay, Laszlo"]
[Result "0-1"]
[WhiteElo "2410"]
[BlackElo "2415"]
[EventDate "1981.03.06"]
[PlyCount "128"]

1. d4 Nf6 2. c4 c5 3. Nf3 cxd4 4. Nxd4 e5 5. Nb5 d5 6. cxd5 Bc5 7. N5c3 O-O 8. e3 e4 9. Be2 Bf5 10. a3 Nbd7 11. b4 Bd6 12. Bb2 a6 13. Nd2 Ne5 14. h3 Bg6 15. Nc4 Nxc4 16. Bxc4 Rc8 17. Bb3 Nd7 18. Ne2 Qg5 19. Kf1 Be5 20. Nd4 Qf6 21. h4 h5 22. g4 Bg3 23. Qe2 Ne5 24. g5 Qxf2+ 25. Qxf2 Bxf2 26. Kxf2 Nd3+ 27. Ke2 Nxb2 28. Rac1 Nd3 29. Rxc8 Rxc8 30. Kd2 Rd8 31. Rf1 Rd7 32. Ba2 Ne5 33. Rc1 Nf3+ 34. Nxf3 exf3 35. Ke1 Kf8 36. Rd1 Ke7 37. Kf2 Kd6 38. Kxf3 Rc7 39. Rd2 Rc3 40. Kf4 Rxa3 41. Rb2 Rc3 42. e4 Rh3 43. e5+ Kd7 44. e6+ fxe6 45. dxe6+ Ke7 46. Rd2 Rxh4+ 47. Ke3 Be8 48. Rc2 Rh3+ 49. Kd4 Bc6 50. Bd5 Rh4+ 51. Ke5 Rg4 52. Bxc6 Rxg5+ 53. Kf4 Rg4+ 54. Ke5 bxc6 55. Rxc6 Rg5+ 56. Kf4 Rb5 57. Rxa6 g5+ 58. Ke4 Rxb4+ 59. Kf5 Rb5+ 60. Ke4 Kf6 61. e7+ Kxe7 62. Rh6 h4 63. Rc6 Rb3 64. Kf5 Rg3 0-1

[Event "7th Paul Keres mem"]
[Site "Tallinn URS"]
[Date "1981.03.21"]
[Round "11"]
[White "Tal, Mikhail"]
[Black "Bronstein, David"]
[Result "1/2-1/2"]
[WhiteElo "2555"]
[BlackElo "2490"]
[EventDate "1981.03.06"]
[PlyCount "71"]

1. d4 Nf6 2. c4 e6 3. Nf3 b6 4. g3 Ba6 5. Nbd2 Bb4 6. Qc2 Bb7 7. Bg2 Be4 8. Qd1 O-O 9. O-O Bxd2 10. Qxd2 a5 11. b3 d6 12. Bb2 Nbd7 13. Rac1 a4 14. b4 a3 15. Ba1 b5 16. cxb5 Qb8 17. Ne5 Bxg2 18. Nxd7 Nxd7 19. Kxg2 Qxb5 20. Rxc7 Nf6 21. Rc2 h6 22. Rb1 Ra4 23. Rb3 Rfa8 24. Qc1 Qb7+ 25. f3 Nd5 26. e4 Nxb4 27. Rc7 Qb5 28. Qd2 Qa5 29. Qc3 d5 30. Rc8+ Rxc8 31. Qxc8+ Kh7 32. Qb7 Nxa2 33. Qxf7 Rb4 34. Rxb4 Nxb4 35. Qxe6 Qb5 36. Qf5+ 1/2-1/2